М.... Н. О разных личных делах. Одно письмо /1911 г./ с приложением вырезки из газеты со статьей Жана Леуса - об американских се...

Доступно только в Электронных читальных залах Найти на картеНа карте
RUSMARC
00004884nmc2a22003133x 450
0013580908e-6686-4613-90b1-0b16adc83bf2
00520211209174712.0
100##$a20211120l19091912k y0rusy50 ca
1010#$arus
102##$aRU
105##$aa z |||||
1222#$ad19091231
$ad19121231
1220#$ad1911
2001#$aМ.... Н. О разных личных делах. Одно письмо /1911 г./ с приложением вырезки из газеты со статьей Жана Леуса - об американских сектантах - "мормонах" /на французском языке/
$j1909-1912
215##$a34 листа
$cил.
251##$cДело
300##$aЗаголовок дела на папке: Письма Н. М. - Звегинцеву Александру Ивановичу. (О разных личных и семейных делах. Одно письмо (1911 г.) с приложением статьи Жана Леуса из французской газеты об американских сектантах "мормонах")
300##$aЛисты: 1, 2, 5, 6, 7, 15-17, 19, 32 - почтовые открытки; 1, 5, 6, 7, 9об, 14об, 17, 19 - марки почтовые; 9об - цветное тиснение; 10 - газетная вырезка
300##$aРукописный и типографский текст
330##$aВходит в раздел описи: 1. Письма к А. И. Звегинцову. 1/ Личная переписка
461#0$1001fc48e33c-c630-4015-85dd-2f2aab656f45
$12001
$aЗвегинцев Александр Иванович, помещик Воронежской губернии, депутат III Государственной думы, член партии "Союз 17 октября"
$1251
$cФонд
$1852
$j932
462#0$1001ddcf82e7-7bd9-4c5e-b7f1-85df8b3febb3
$12001
$aДела постоянного хранения. 1899-1913 гг.
$vД. 13
$1251
$cОпись
$1852
$j1
5171#$aПисьма Н. М. - Звегинцеву Александру Ивановичу. (О разных личных и семейных делах. Одно письмо (1911 г.) с приложением статьи Жана Леуса из французской газеты об американских сектантах "мормонах")
600#1$aЗвегинцев
$bА. И.
$gАлександр Иванович
600#0$aН. М.
600#1$aЛеус
$bЖ.
$gЖан
801#0$aRU
$bGA_RF
801#1$aRU
$bГлавНИВЦ
$c20211120
$2rusmarc
801#2$aRU
$bПБ им. Б.Н. Ельцина
$c20211209
$gRCR
$2rusmarc
852##$aГА РФ
$j13
937##$d171368223
$hГАРФ
035##$aRuPRLIB51062403
856##$uhttp://readingroom.main.prlib.ru/item.aspx?id_node=n171368223&mode=full
Формат отображения